[Event "Havana U20"]
[Site "Havana"]
[Date "2024.08.17"]
[Round "10"]
[White "Hidalgo Diaz, Daniel"]
[Black "Ramirez Cabreja, Ronniel Abraham"]
[Result "1-0"]
[WhiteElo "2353"]
[BlackElo "2285"]
[PlyCount "91"]
[EventDate "2024.08.13"]
[EventType "tourn"]
[EventRounds "11"]
[EventCountry "CUB"]
[SourceTitle "EXT 2025"]
[Source "ChessBase"]
[SourceDate "2024.10.14"]
[SourceVersion "1"]
[SourceVersionDate "2024.10.14"]
[SourceQuality "1"]

1. d4 Nf6 2. Nf3 d5 3. e3 c5 4. Nbd2 cxd4 5. exd4 Nc6 6. Bd3 Bg4 7. c3 e6 8. 0-0 Bd6 9. Re1 0-0 10. Nf1 Bh5 11. Ng3 Bg6 12. Bxg6 hxg6 13. Bg5 Qc7 14. Qd3 Rab8 15. a4 a6 16. b4 Rbc8 17. Rac1 a5 18. b5 Nb8 19. Nd2 Nbd7 20. c4 Bb4 21. c5 e5 22. c6 bxc6 23. bxc6 e4 24. cxd7 Qxc1 25. Qf1 Qc2 26. dxc8R Rxc8 27. Qe2 Qxa4 28. Ngf1 Rc2 29. Rb1 Qa2 30. Qd1 Bc3 31. Rb8+ Kh7 32. Rc8 Qb2 33. Qb1 Bxd2 34. Qxc2 Qxc2 35. Rxc2 Bxg5 36. Ra2 Bc1 37. Rxa5 Bb2 38. Ra4 Ng4 39. Ne3 Nf6 40. Nd1 Bc1 41. Kf1 Bf4 42. Ke2 g5 43. g3 Bc7 44. Ne3 Bb6 45. Rb4 Ba7 46. Nc2 1-0

[Event "Havana U20"]
[Site "Havana"]
[Date "2024.08.16"]
[Round "8"]
[White "Gonzalez Soler, Leduard Manuel"]
[Black "Ramirez Cabreja, Ronniel Abraham"]
[Result "1/2-1/2"]
[WhiteElo "2255"]
[BlackElo "2285"]
[PlyCount "25"]
[EventDate "2024.08.13"]
[EventType "tourn"]
[EventRounds "11"]
[EventCountry "CUB"]
[SourceTitle "EXT 2025"]
[Source "ChessBase"]
[SourceDate "2024.10.14"]
[SourceVersion "1"]
[SourceVersionDate "2024.10.14"]
[SourceQuality "1"]

1. e4 c5 2. Nf3 g6 3. c4 Bg7 4. d4 cxd4 5. Nxd4 Nf6 6. Nc3 0-0 7. Be2 Nc6 8. Be3 d6 9. 0-0 Bd7 10. f3 Nxd4 11. Bxd4 Bc6 12. Qd2 Nd7 13. Be3 1/2-1/2

[Event "Havana U20"]
[Site "Havana"]
[Date "2024.08.15"]
[Round "5"]
[White "Ramirez Cabreja, Ronniel Abraham"]
[Black "Azahares Serrano, Raymond Daniel"]
[Result "1/2-1/2"]
[WhiteElo "2285"]
[BlackElo "2398"]
[PlyCount "63"]
[EventDate "2024.08.13"]
[EventType "tourn"]
[EventRounds "11"]
[EventCountry "CUB"]
[SourceTitle "EXT 2025"]
[Source "ChessBase"]
[SourceDate "2024.10.14"]
[SourceVersion "1"]
[SourceVersionDate "2024.10.14"]
[SourceQuality "1"]

1. Nf3 Nf6 2. g3 e6 3. Bg2 d5 4. 0-0 c5 5. d4 cxd4 6. Nxd4 e5 7. Nb3 Be7 8. Nc3 Be6 9. f4 exf4 10. gxf4 g6 11. Kh1 Nc6 12. Be3 0-0 13. Bg1 Rc8 14. Qd2 Qd7 15. Rad1 Rfd8 16. Nd4 Bg4 17. Qe3 Bc5 18. Qg3 Nh5 19. Qh4 Be7 20. Qf2 Bf6 21. Nxc6 bxc6 22. Rd3 Qb7 23. e4 dxe4 24. Nxe4 Qxb2 25. Nxf6+ Nxf6 26. Qc5 Rxd3 27. cxd3 Rd8 28. Qe5 Qxe5 29. fxe5 Nd5 30. Rc1 Nf4 31. Rxc6 Nxd3 32. Rd6 1/2-1/2

[Event "Capablanca Memorial op 57th"]
[Site "Havana"]
[Date "2024.05.05"]
[Round "3"]
[White "Ramirez Cabreja, Ronniel Abraham"]
[Black "Luis Alvarez, Isabela"]
[Result "1-0"]
[WhiteElo "2214"]
[BlackElo "1988"]
[PlyCount "41"]
[EventDate "2024.05.03"]
[EventType "swiss"]
[EventRounds "10"]
[EventCountry "CUB"]
[SourceTitle "EXT 2025"]
[Source "ChessBase"]
[SourceDate "2024.10.14"]
[SourceVersion "1"]
[SourceVersionDate "2024.10.14"]
[SourceQuality "1"]

1. d4 Nf6 2. c4 e6 3. Nf3 Be7 4. Nc3 d5 5. Bf4 0-0 6. e3 c5 7. dxc5 dxc4 8. Bxc4 Bxc5 9. 0-0 h6 10. h3 b6 11. Qe2 Bb7 12. a3 Ne4 13. Nxe4 Bxe4 14. b4 Be7 15. Rac1 Nd7 16. Ba6 Bg5 17. Nxg5 hxg5 18. Bd6 Re8 19. f3 Bg6 20. e4 Qf6 21. e5 1-0

[Event "Capablanca Memorial op 57th"]
[Site "Havana"]
[Date "2024.05.04"]
[Round "2"]
[White "Diaz Murgada, Rider"]
[Black "Ramirez Cabreja, Ronniel Abraham"]
[Result "1-0"]
[WhiteElo "2438"]
[BlackElo "2214"]
[PlyCount "102"]
[EventDate "2024.05.03"]
[EventType "swiss"]
[EventRounds "10"]
[EventCountry "CUB"]
[SourceTitle "EXT 2025"]
[Source "ChessBase"]
[SourceDate "2024.10.14"]
[SourceVersion "1"]
[SourceVersionDate "2024.10.14"]
[SourceQuality "1"]

1. e4 c5 2. Nf3 e6 3. d4 cxd4 4. Nxd4 Nf6 5. Nc3 Nc6 6. Bf4 Bb4 7. Ndb5 0-0 8. Bc7 Qe7 9. Bd6 Bxd6 10. Qxd6 Qd8 11. 0-0-0 a6 12. Nd4 Qb6 13. Nxc6 bxc6 14. f3 Ne8 15. Qa3 d5 16. Bd3 Nf6 17. Na4 Qa5 18. b3 Qc7 19. Qc5 Rb8 20. g3 Nd7 21. Qc3 c5 22. exd5 exd5 23. Rhe1 d4 24. Qd2 Bb7 25. Re7 Qd6 26. Rde1 Nf6 27. Qg5 Bd5 28. Qe5 Qc6 29. Qc7 Rfc8 30. Qxc6 Rxc6 31. Nb2 Bxf3 32. Bc4 Rf8 33. R1e5 Be4 34. Rxe4 Nxe4 35. Rxe4 g5 36. Nd3 Rfc8 37. Rg4 Rg6 38. Ne5 Rg7 39. Re4 Re8 40. Nxf7 Kf8 41. Nd6 Rge7 42. Bd3 Rxe4 43. Nxe4 Re5 44. Nf2 h5 45. Bxa6 Rf5 46. Ne4 h4 47. Bd3 h3 48. Kd2 Ke7 49. a4 g4 50. Be2 c4 51. Bxc4 Re5 1-0